El nacatamal de oro : farsa en tres actos /

-д хадгалсан:
Номзүйн дэлгэрэнгүй
Үндсэн зохиолч: Blandón, Jesús Miguel (autor)
Формат: Ном
Хэл сонгох:испани
Хэвлэсэн: Guadalajara, México : Universidad de Guadalajara, 1985, c1985
Цуврал:(Colección Universitaria. Serie Teatro ; 1)
Нөхцлүүд:
Шошгууд: Шошго нэмэх
Шошго байхгүй, Энэхүү баримтыг шошголох эхний хүн болох!

MARC

LEADER 00000nam^a2200000^a^4500
001 000393912
005 20250521000000.0
009 20260310121320.996
022 |a 968-130-X 
037 |a Acervo ITESO - Biblioteca 
041 |a ESP 
082 |a 862.  |b BLA 
100 |a Blandón, Jesús Miguel  |e (autor) 
245 1 3 |a El nacatamal de oro :  |b farsa en tres actos /  |c J.M. Blandón. 
264 4 |a Guadalajara, México :  |b Universidad de Guadalajara,  |c 1985, c1985 
300 |a 102 p. 
336 |a texto  |b txt  |2 rdacontenido 
337 |a sin mediación  |b n  |2 rdamedio 
338 |a volumen  |b nc  |2 rdasoporte 
440 1 |a (Colección Universitaria.  |p Serie Teatro ;  |v 1) 
561 |a Obra autografiada por el autor para Carlos Núñez Hurtado 
649 |a XX 
650 |a Teatro Nicaragüense 
650 |a Literatura Nicaragüense -  |y Siglo XX 
910 |a Fondo Carlos Núñez Hurtado 
920 |a Impresos - Libros 
930 |a Fondos Especiales 
940 |a Literatura 
905 |a 117 
901 |a 0500289274  |b IT2  |c ESP  |i D82139  |u 20250521 
902 |a https://opac.biblio.iteso.mx/vufind/Record/000393912